The Dead Sea Scrolls and the first Christians : (Record no. 5080)
[ view plain ]
| 000 -LEADER | |
|---|---|
| fixed length control field | 01043pam a2200325 a 4500 |
| 001 - CONTROL NUMBER | |
| control field | 34875837 |
| 003 - CONTROL NUMBER IDENTIFIER | |
| control field | OCoLC |
| 005 - DATE AND TIME OF LATEST TRANSACTION | |
| control field | 20181220112904.0 |
| 008 - FIXED-LENGTH DATA ELEMENTS--GENERAL INFORMATION | |
| fixed length control field | 960508s1996 enka b 001 0 eng |
| 010 ## - LIBRARY OF CONGRESS CONTROL NUMBER | |
| LC control number | 96023080 |
| 020 ## - INTERNATIONAL STANDARD BOOK NUMBER | |
| International Standard Book Number | 1852307854 (pbk. : alk. paper) |
| 035 ## - SYSTEM CONTROL NUMBER | |
| System control number | .b45366160 |
| 040 ## - CATALOGING SOURCE | |
| Original cataloging agency | DLC |
| Transcribing agency | DLC |
| Modifying agency | YDX |
| 049 ## - LOCAL HOLDINGS (OCLC) | |
| Holding library | OSUU |
| 050 00 - LIBRARY OF CONGRESS CALL NUMBER | |
| Classification number | BM487 |
| Item number | .E38 1996 |
| 050 00 - LIBRARY OF CONGRESS CALL NUMBER | |
| Classification number | BM487 |
| Item number | .E38 1996 |
| 082 00 - DEWEY DECIMAL CLASSIFICATION NUMBER | |
| Classification number | 296.15 |
| Edition number | 20 |
| Item number | E136D |
| 100 1# - MAIN ENTRY--PERSONAL NAME | |
| Personal name | Eisenman, Robert H |
| 245 14 - TITLE STATEMENT | |
| Title | The Dead Sea Scrolls and the first Christians : |
| Remainder of title | essays and translations / |
| Statement of responsibility, etc. | Robert Eisenman |
| 260 ## - PUBLICATION, DISTRIBUTION, ETC. | |
| Place of publication, distribution, etc. | Shaftesbury [England] ; |
| -- | Rockport, Mass. : |
| Name of publisher, distributor, etc. | Element, |
| Date of publication, distribution, etc. | 1996 |
| 300 ## - PHYSICAL DESCRIPTION | |
| Extent | xxix, 449 p. : |
| Other physical details | ill. ; |
| Dimensions | 25 cm |
| 504 ## - BIBLIOGRAPHY, ETC. NOTE | |
| Bibliography, etc. note | Includes bibliographical references and index |
| 600 00 - SUBJECT ADDED ENTRY--PERSONAL NAME | |
| Personal name | James, |
| Titles and other words associated with a name | Brother of the Lord, Saint |
| 630 00 - SUBJECT ADDED ENTRY--UNIFORM TITLE | |
| Uniform title | Dead Sea scrolls |
| General subdivision | Criticism, interpretation, etc |
| 630 00 - SUBJECT ADDED ENTRY--UNIFORM TITLE | |
| Uniform title | Dead Sea scrolls |
| General subdivision | Relation to the New Testament |
| 650 #0 - SUBJECT ADDED ENTRY--TOPICAL TERM | |
| Topical term or geographic name entry element | Maccabees |
| 650 #0 - SUBJECT ADDED ENTRY--TOPICAL TERM | |
| Topical term or geographic name entry element | Zadokites |
| 650 #0 - SUBJECT ADDED ENTRY--TOPICAL TERM | |
| Topical term or geographic name entry element | Christianity |
| General subdivision | Origin |
| 942 ## - ADDED ENTRY ELEMENTS (KOHA) | |
| Source of classification or shelving scheme | Dewey Decimal Classification |
| Koha item type | Books |
| Withdrawn status | Lost status | Source of classification or shelving scheme | Damaged status | Not for loan | Collection code | Home library | Current library | Shelving location | Date acquired | Cost, normal purchase price | Total Checkouts | Full call number | Barcode | Date last seen | Price effective from | Koha item type |
|---|---|---|---|---|---|---|---|---|---|---|---|---|---|---|---|---|
| Dewey Decimal Classification | Non-fiction | Harvest Mission College | Harvest Mission College | General Stacks | 20.12.2018 | 3650.00 | 296.15 E136D | 005820 | 20.12.2018 | 20.12.2018 | Books | |||||
| Dewey Decimal Classification | Non-fiction | Harvest Mission College | Harvest Mission College | General Stacks | 20.12.2018 | 3650.00 | 296.15 E136D | 011329 | 09.02.2021 | 20.12.2018 | Books |
